| 000 | 00669nam a22002177a 4500 | ||
|---|---|---|---|
| 999 |
_c17252 _d17252 |
||
| 003 | AR-CdUCM | ||
| 008 | 190507b ||||| |||| 00| 0 spa d | ||
| 040 |
_aMUNICIPALIDAD PROVINCIAL DEL CUSCO _cBIBLIOTECA MUNICIPAL DEL CUSCO |
||
| 041 | _heng. | ||
| 082 |
_a923.72 / _bA31 |
||
| 100 |
_aAitken, Thomas _937141 |
||
| 245 | _aLuis Muñoz Marín (poeta en La Fortaleza) / | ||
| 260 |
_aMéxico : _bPlaza&Janes, _c1966. |
||
| 300 |
_a325 paginas ; _c18 cm. |
||
| 440 |
_aAlboreal _937142 |
||
| 505 | _aContenido :Biografías / | ||
| 650 |
_aBiografías _9148 |
||
| 700 |
_aAtnanasio Sanchez (traductor) _937143 |
||
| 942 |
_2ddc _cLIBROS |
||
| 945 |
_arjall _d2019-05-07 |
||